000
00351nam a2200145Ia 4500
008
210716s2018 xx 000 0 und d
020
_a
9788126568123
041
_a
eng
082
_a
153.94 GREV
245
_a
GRE verbal grail 2018.
250
_a
1
260
_a
New Delhi
_b
Wiley India Pvt Ltd
_c
2018
300
_a
ix,362
650
_a
Aptitude Test
999
_c
197069
_d
197069